Vývoj finančných inštitúcií a finančných teórií v historickom kontexte diplomová práca

Saved in:
Bibliographic Details
Main Author: Švajlen, Ivan
Corporate Author: Národohospodárska fakulta EU. Katedra financií
Other Authors: Baláži, Peter
Format: Book
Language:Slovak
Published: Bratislava 2010
Tags: Add Tag
No Tags, Be the first to tag this record!

MARC

LEADER 00000nam$a2200000$$$4500
001 0119074
005 20240318123903.5
041 0 |a slo 
044 |a SK 
245 1 0 |a Vývoj finančných inštitúcií a finančných teórií v historickom kontexte  |b diplomová práca  |c Ivan Švajlen ; škol. Peter Baláži 
264 1 |a Bratislava  |c 2010 
300 |a 83 s. 
100 1 |a Švajlen, Ivan 
700 1 |a Baláži, Peter 
710 2 |a Národohospodárska fakulta EU. Katedra financií